<?xml version="1.0" encoding="UTF-8"?>
<record
    xmlns:xsi="http://www.w3.org/2001/XMLSchema-instance"
    xsi:schemaLocation="http://www.loc.gov/MARC21/slim http://www.loc.gov/standards/marcxml/schema/MARC21slim.xsd"
    xmlns="http://www.loc.gov/MARC21/slim">

  <leader>01070    a2200241   4500</leader>
  <datafield tag="999" ind1=" " ind2=" ">
    <subfield code="c">96695</subfield>
    <subfield code="d">96695</subfield>
  </datafield>
  <controlfield tag="003">NALT</controlfield>
  <controlfield tag="005">20210325220720.0</controlfield>
  <controlfield tag="008">200305b        th ||||| |||| 00| 0 tha d</controlfield>
  <datafield tag="020" ind1=" " ind2=" ">
    <subfield code="a">9786168198278</subfield>
  </datafield>
  <datafield tag="040" ind1=" " ind2=" ">
    <subfield code="a">NALT</subfield>
  </datafield>
  <datafield tag="050" ind1=" " ind2=" ">
    <subfield code="a">PN 4129 </subfield>
    <subfield code="b">&#xE01;768&#xE19; 2562</subfield>
  </datafield>
  <datafield tag="100" ind1="0" ind2=" ">
    <subfield code="a">&#xE40;&#xE01;&#xE23;&#xE35;&#xE22;&#xE07;&#xE28;&#xE31;&#xE01;&#xE14;&#xE34;&#xE4C; &#xE40;&#xE08;&#xE23;&#xE34;&#xE0D;&#xE27;&#xE07;&#xE28;&#xE4C;&#xE28;&#xE31;&#xE01;&#xE14;&#xE34;&#xE4C;</subfield>
    <subfield code="9">46</subfield>
  </datafield>
  <datafield tag="245" ind1="1" ind2="0">
    <subfield code="a">&#xE19;&#xE31;&#xE01;&#xE1E;&#xE39;&#xE14;&#xE02;&#xE31;&#xE49;&#xE19;&#xE40;&#xE17;&#xE1E; : </subfield>
    <subfield code="b">&#xE28;&#xE34;&#xE25;&#xE1B;&#xE30;&#xE01;&#xE32;&#xE23;&#xE1E;&#xE39;&#xE14;&#xE15;&#xE48;&#xE2D;&#xE2B;&#xE19;&#xE49;&#xE32;&#xE0A;&#xE38;&#xE21;&#xE0A;&#xE19; /</subfield>
    <subfield code="c">&#xE40;&#xE01;&#xE23;&#xE35;&#xE22;&#xE07;&#xE28;&#xE31;&#xE01;&#xE14;&#xE34;&#xE4C; &#xE40;&#xE08;&#xE23;&#xE34;&#xE0D;&#xE27;&#xE07;&#xE28;&#xE4C;&#xE28;&#xE31;&#xE01;&#xE14;&#xE34;&#xE4C;.</subfield>
  </datafield>
  <datafield tag="250" ind1=" " ind2=" ">
    <subfield code="a">&#xE1E;&#xE34;&#xE21;&#xE1E;&#xE4C;&#xE04;&#xE23;&#xE31;&#xE49;&#xE07;&#xE17;&#xE35;&#xE48; 4</subfield>
  </datafield>
  <datafield tag="260" ind1=" " ind2=" ">
    <subfield code="a">&#xE01;&#xE23;&#xE38;&#xE07;&#xE40;&#xE17;&#xE1E;&#xE2F; : </subfield>
    <subfield code="b">&#xE0B;&#xE31;&#xE04;&#xE40;&#xE0B;&#xE2A;,</subfield>
    <subfield code="c">2562.</subfield>
  </datafield>
  <datafield tag="300" ind1=" " ind2=" ">
    <subfield code="a">256 &#xE2B;&#xE19;&#xE49;&#xE32; : </subfield>
    <subfield code="b">&#xE20;&#xE32;&#xE1E;&#xE1B;&#xE23;&#xE30;&#xE01;&#xE2D;&#xE1A; ;</subfield>
    <subfield code="c">21 &#xE0B;&#xE21;.</subfield>
  </datafield>
  <datafield tag="650" ind1=" " ind2="4">
    <subfield code="9">43895</subfield>
    <subfield code="a">&#xE19;&#xE31;&#xE01;&#xE1E;&#xE39;&#xE14;</subfield>
  </datafield>
  <datafield tag="650" ind1=" " ind2="4">
    <subfield code="9">15078</subfield>
    <subfield code="a">&#xE01;&#xE32;&#xE23;&#xE1E;&#xE39;&#xE14;&#xE43;&#xE19;&#xE0A;&#xE38;&#xE21;&#xE19;&#xE38;&#xE21;&#xE0A;&#xE19;</subfield>
  </datafield>
  <datafield tag="650" ind1=" " ind2="0">
    <subfield code="a">&#xE27;&#xE32;&#xE17;&#xE28;&#xE34;&#xE25;&#xE1B;&#xE4C;</subfield>
    <subfield code="9">14199</subfield>
  </datafield>
  <datafield tag="850" ind1=" " ind2=" ">
    <subfield code="a">NALT</subfield>
  </datafield>
  <datafield tag="942" ind1=" " ind2=" ">
    <subfield code="2">lcc</subfield>
    <subfield code="c">GB</subfield>
  </datafield>
  <datafield tag="998" ind1=" " ind2=" ">
    <subfield code="c">103</subfield>
    <subfield code="b">103</subfield>
    <subfield code="j">109</subfield>
    <subfield code="k"> &#xE2D;&#xE32;&#xE23;&#xE35;&#xE23;&#xE31;&#xE15;&#xE19;&#xE4C; &#xE27;&#xE34;&#xE0A;&#xE32;&#xE0A;&#xE48;&#xE32;&#xE07;</subfield>
  </datafield>
  <datafield tag="952" ind1=" " ind2=" ">
    <subfield code="0">0</subfield>
    <subfield code="1">0</subfield>
    <subfield code="2">local</subfield>
    <subfield code="4">0</subfield>
    <subfield code="7">0</subfield>
    <subfield code="8">CGBL</subfield>
    <subfield code="a">NALT</subfield>
    <subfield code="b">NALT</subfield>
    <subfield code="c">GEN</subfield>
    <subfield code="d">2020-02-25</subfield>
    <subfield code="e">1</subfield>
    <subfield code="l">1</subfield>
    <subfield code="o">PN 4129  &#xE01;768&#xE19; 2562</subfield>
    <subfield code="p">3961210202</subfield>
    <subfield code="r">2020-07-30 00:00:00</subfield>
    <subfield code="s">2020-07-22</subfield>
    <subfield code="w">2020-02-25</subfield>
    <subfield code="y">GB</subfield>
  </datafield>
</record>
